| 000 -CABECERA |
| campo de control de longitud fija |
00921nam a22002417a 4500 |
| 005 - FECHA Y HORA DE LA ÚLTIMA TRANSACCIÓN |
| campo de control |
20210815182632.0 |
| 008 - DATOS DE LONGITUD FIJA--INFORMACIÓN GENERAL |
| campo de control de longitud fija |
210811s1998 pe a|||fr|||| 001 0 spa d |
| 040 ## - FUENTE DE LA CATALOGACIÓN |
| Centro catalogador/agencia de origen |
CENDOC CAAAP |
| Lengua de catalogación |
spa |
| Centro/agencia transcriptor |
CAAAP |
| 041 ## - CÓDIGO DE LENGUA |
| Código de lengua del texto/banda sonora o título independiente |
spa |
| 050 ## - SIGNATURA TOPOGRÁFICA DE LA BIBLIOTECA DEL CONGRESO |
| Número de clasificación |
HD 6073 |
| Número de documento/Ítem |
V66 |
| 100 1# - ENTRADA PRINCIPAL--NOMBRE DE PERSONA |
| 9 (RLIN) |
3906 |
| Nombre personal |
Villanueva Chávez, Alicia |
| 245 ## - MENCIÓN DE TÍTULO |
| Título |
Es necesario darnos un empujoncito / |
| Mención de responsabilidad, etc. |
Alicia Villanueva Chávez |
| 250 ## - MENCIÓN DE EDICIÓN |
| Mención de edición |
1ra ed-. |
| 260 ## - PUBLICACIÓN, DISTRIBUCIÓN, ETC. |
| Lugar de publicación, distribución, etc. |
Lima: |
| Nombre del editor, distribuidor, etc. |
Manuela Ramos, |
| Fecha de publicación, distribución, etc. |
1995 |
| 300 ## - DESCRIPCIÓN FÍSICA |
| Extensión |
102 p.: |
| Otras características físicas |
ilustraciones ; |
| Dimensiones |
17 cm. |
| 490 ## - MENCIÓN DE SERIE |
| Mención de serie |
(Mujer y empresa) |
| 505 ## - NOTA DE CONTENIDO CON FORMATO |
| Nota de contenido con formato |
Contiene : Manuela Ramos, una institución que nos permite ser creativas -- Primeros apuntes para un sueño -- El reto, un taller de artesanía -- Por una empresa de mujeres -- Un retrato actual -- Un camino desconocido, aprendimos juntas. |
| 650 #0 - PUNTO DE ACCESO ADICIONAL DE MATERIA--TÉRMINO DE MATERIA |
| 9 (RLIN) |
719 |
| Término de materia o nombre geográfico como elemento de entrada |
Mujeres |
| 650 20 - PUNTO DE ACCESO ADICIONAL DE MATERIA--TÉRMINO DE MATERIA |
| 9 (RLIN) |
2487 |
| Término de materia o nombre geográfico como elemento de entrada |
Artesanos |
| Subdivisión geográfica |
Perú |
| 650 20 - PUNTO DE ACCESO ADICIONAL DE MATERIA--TÉRMINO DE MATERIA |
| 9 (RLIN) |
2479 |
| Término de materia o nombre geográfico como elemento de entrada |
Empoderamiento |
| 942 ## - ELEMENTOS PERSONALIZADOS KOHA |
| Fuente del sistema de clasificación o colocación |
|
| Fecha de catalogación |
10 - 08 - 21 |
| Tipo de ítem Koha |
Libros |